000 00833nam a2200229 i 4500
001 13393
003 ES-MaACL
005 20230906150550.0
007 t|
008 970612s1996 sp ||||0| spa j
040 _aM-BN
_bspa
_cM-BN
080 _a502.72(460.13)(036)
100 1 _aRasines del Río, Eduardo Clemente.
_995492
245 1 0 _aGuía de la Reserva Natural de las Marismas de Santoña y Noja /
_cEduardo Clemente Rasines del Río, Pedro Rasines del Río.
250 _a1ª ed.
260 _a[Santoña] :
_bAyuntamiento de Santoña,
_c1996.
300 _a96 p. :
_bil. col. ;
_c21 cm.
651 4 _aReserva Natural de las Marismas de Santoña y Noja-
_vGuías turísticas.
_99307
700 1 _aRasines del Río, Pedro.
_995493
710 2 _aSantoña.
_bAyuntamiento.
_96505
852 _aES-MaACL
_jL-20748
_bR.126262
999 _c13393
_d13393